000 00310nam a22001337a 4500
003 SGT
082 _a616.01
_bD21K
100 _aKUMAR, ASHISH
245 _aDIABETES MELLITUS IN COVID 19 PATIENTS
260 _aSGT UNIVERSITY
_bSGT UNIVERSITY
_c2021
300 _a52
650 _aMMLT THESIS
942 _2ddc
_cTH
999 _c26389
_d26389